00665nam a2200181Ia 4500952014600000999001700146003000400163005001700167008004100184040000900225082001800234100004700252245007200299260004100371300000900412650002000421942004200441 00102ddc40708ISLAMaMESbMEScISLd2019-02-20g70.00l7m10o297.63 NAD/Ip35972r2024-02-05 12:00:15s2024-02-01w2019-02-20yBKzGL46R4 c22851d22851OSt20200226154307.0190216s9999||||xx |||||||||||||| ||und|| coclc a297.63bNAD/I aNadvi, Maulana Sayyid Abulhasan Ali 91895 0aIslamile Navodhana Nayakanmar /cMaulana Sayyid Abulhasan Ali Nadwi bMufakkirul Islam Foundations,c2009. a268p aIslamic History cBK2ddch297.63iNAD/Ik297.63mNAD/I